Dopasuj imię do nazwiska - polskie piosenkarki - Statystyki

Ogólne statystyki
  • Ten quiz został rozwiązany 118 razy
  • Średni wynik to 15 z 20
Statystyki odpowiedzi
Hint Odpowiedź % Poprawnych
Maryla Rodowicz
98%
Roksana Węgiel
94%
Sylwia Grzeszczak
92%
Justyna Steczkowska
92%
Edyta Górniak
89%
Daria Zawiałow
88%
Natalia Kukulska
85%
Irena Santor
84%
Patrycja Markowska
75%
Alicja Majewska
72%
Anna Maria Jopek
71%
Zdzisława Sośnicka
68%
Halina Frąckowiak
67%
Anna German
64%
Ewa Demarczyk
60%
Hanna Banaszak
58%
Krystyna Prońko
56%
Urszula Sipińska
51%
Danuta Rinn
46%
Maria Koterbska
44%
Nie znaleziono quizów pasujących do podanych kryteriów
Rozkład punktacji
Procent ludzi z każdym wynikiem
Percentyl według liczby udzielonych odpowiedzi
Twoja historia wyników
Nie rozwiązałeś tego quizu